| 000 | 00652 a2200181 4500 | ||
|---|---|---|---|
| 001 | 139143 | ||
| 040 | _cLeonardo Da Vinci | ||
| 041 | _aPortuguês | ||
| 082 |
_a302.35 M118p _bM118p |
||
| 100 |
_aMCDAVID, John W _aHARARI, Herbert |
||
| 245 | _aPsicologia e comportamento social | ||
| 260 |
_bInterciência _c1980 _aRio de Janeiro |
||
| 300 | _a446 | ||
| 362 | _a19800000 | ||
| 500 | _aFrancisco da Rocha Guimarães(Tradução) | ||
| 697 |
_aCiências sociais _aSociologia _aPsicologia social _aAdministração _aOrganização _aComportamento _aIndivíduo _aCultura _aMudança de atitude _aRelacionamento interpessoal _aGrupos sociais _aFIPEN |
||
| 942 | _cBK | ||
| 999 |
_c139143 _d139143 |
||